000 00625nam a2200169 a 4500
001 000044710
005 20201002045552.0
008 150107s2014 dr 000 0 spa d
020 _a9789945081237
040 _aDO-SdBNP
_bspa
_cBNPHU
082 _axxxxxx
_bxxxxxx
100 1 _aAlmánzar Estevéz, Víctor Manuel
_972710
245 1 3 _aLa Oveja que no se dejó quitar su lana :
_btestimonios y estudios de las sagradas escrituras /
_cVíctor Manuel Almánzar Estévez.
260 _aSanto Domingo :
_b[s. n.],
_c2014.
300 _a126 p. ;
_c21 cm.
500 _aIncluye datos biográficos del autor en la solapa de la cubierta
999 _c44199
_d44199